[Event "Championnat de France des Jeunes - Benja"]
[Site "NIMES"]
[Date "2012.04.18"]
[Round "6.3"]
[White "Veys, Vincent"]
[Black "Guerlach, Keigo"]
[Result "1-0"]
[WhiteElo "1961"]
[BlackElo "1703"]
[PlyCount "83"]

1. e4 e5 2. Nf3 Nf6 3. Nxe5 d6 4. Nf3 Nxe4 5. Nc3 Nxc3 6. dxc3 Be7 7. Bf4 Be6
8. Qd2 a6 9. O-O-O Nc6 10. Bd3 Qd7 11. Kb1 O-O-O 12. Rhe1 h6 13. Qe2 Kb8 14.
Bxa6 bxa6 15. Qxa6 Na7 16. Be3 c5 17. Bxc5 Qb7 18. Qxb7+ Kxb7 19. Bxa7 Kxa7 20.
Nd4 Kb7 21. Nxe6 fxe6 22. Rxe6 Bf6 23. f4 Kc7 24. c4 Rhe8 25. Rde1 Kd7 26. Rxe8
Rxe8 27. Rxe8 Kxe8 28. c3 Kd7 29. Kc2 Kc6 30. Kd3 d5 31. cxd5+ Kxd5 32. a4 Be7
33. b4 Bd6 34. g3 Be7 35. c4+ Kc6 36. c5 Bd8 37. Kc4 Bc7 38. b5+ Kb7 39. b6 Bd8
40. Kb5 g5 41. c6+ Kc8 42. c7 1-0

[Event "Championnat de France des Jeunes - Benja"]
[Site "NIMES"]
[Date "2012.04.18"]
[Round "6.4"]
[White "Le Menelec, Erwan-Son"]
[Black "Rodriguez, Adrien"]
[Result "0-1"]
[WhiteElo "1741"]
[BlackElo "1951"]
[PlyCount "138"]

1. e4 c5 2. d3 d6 3. g3 Nc6 4. Bg2 Nf6 5. c3 g6 6. Nf3 Bg7 7. O-O O-O 8. Nbd2
Rb8 9. a4 a6 10. Nh4 e5 11. Re1 Ne8 12. Nf1 b5 13. axb5 axb5 14. Ne3 b4 15. Nd5
bxc3 16. bxc3 Nc7 17. Nxc7 Qxc7 18. Qc2 Be6 19. Be3 Na5 20. Reb1 c4 21. Nf3
cxd3 22. Qxd3 Bc4 23. Qc2 Nb3 24. Ra7 Qc6 25. Nd2 Nxd2 26. Bxd2 Rb5 27. Rxb5
Qxb5 28. Ra1 Rb8 29. Bf1 Bxf1 30. Rxf1 Bf6 31. Be3 Rc8 32. Rd1 Qc6 33. Kf1 Be7
34. Qb1 Ra8 35. Qd3 Ra4 36. f3 Kg7 37. Ke2 Ra3 38. Rc1 Qa4 39. Rd1 Qb3 40. Bd2
Qe6 41. Kf2 Bd8 42. Be3 Bc7 43. Kg2 Qb3 44. Rc1 Ra2+ 45. Bd2 Qb2 46. Rd1 Ba5
47. Kf1 Qb3 48. Rc1 Bb4 49. Rb1 Rxd2 50. Rxb3 Rxd3 51. Rxb4 Rxf3+ 52. Ke2 Rxc3
53. Rb6 Rc2+ 54. Kf3 Rd2 55. Ke3 Rd4 56. Rb7 Kf6 57. g4 Ra4 58. g5+ Kxg5 59.
Rxf7 h5 60. Rd7 Ra3+ 61. Kf2 Ra2+ 62. Kg3 h4+ 63. Kf3 Rxh2 64. Rxd6 Rh3+ 65.
Kf2 Rg3 66. Rd1 Kf4 67. Re1 g5 68. Re2 Rf3+ 69. Kg2 g4 0-1

[Event "Championnat de France des Jeunes - Benja"]
[Site "NIMES"]
[Date "2012.04.18"]
[Round "6.5"]
[White "Paternoster, Thibaud"]
[Black "Pigeat, Alexandre"]
[Result "1-0"]
[WhiteElo "1668"]
[BlackElo "1858"]
[PlyCount "85"]

1. e4 c5 2. Nf3 e6 3. b3 Nf6 4. e5 Nd5 5. c4 Ne7 6. Bb2 Ng6 7. h4 h5 8. g3 Nc6
9. Bd3 Ngxe5 10. Nxe5 Qf6 11. Nxc6 Qxb2 12. Nc3 bxc6 13. a3 Rb8 14. Bc2 Be7 15.
Ra2 Qxa2 16. Nxa2 d5 17. Nc3 Ba6 18. Qf3 Bf6 19. Na4 Bd4 20. Nc3 Rc8 21. cxd5
cxd5 22. Bd3 c4 23. bxc4 dxc4 24. Be4 Rc7 25. O-O g6 26. Bc6+ Kf8 27. Nb5 Bxb5
28. Bxb5 Kg7 29. Rc1 Rb8 30. Rxc4 Rxc4 31. Bxc4 Rb1+ 32. Kg2 Rb2 33. Qd3 Bf6
34. Qd7 Kg8 35. Bb5 Kg7 36. Ba4 a5 37. Qa7 Kf8 38. Qxa5 Ra2 39. Bb5 Be7 40. a4
Rc2 41. Qa8+ Kg7 42. Qb7 Kf8 43. a5 1-0

[Event "Championnat de France des Jeunes - Benja"]
[Site "NIMES"]
[Date "2012.04.19"]
[Round "7.1"]
[White "Rodriguez, Adrien"]
[Black "Bellahcene, Bilel"]
[Result "0-1"]
[WhiteElo "1951"]
[BlackElo "2321"]
[PlyCount "54"]

1. d4 Nf6 2. Nf3 e6 3. e3 c5 4. a3 b6 5. c4 Bb7 6. Nc3 cxd4 7. exd4 d5 8. cxd5
Nxd5 9. Bb5+ Bc6 10. Qa4 Bxb5 11. Nxb5 Nd7 12. Bg5 f6 13. Bd2 Be7 14. O-O Kf7
15. Rfe1 Re8 16. Re2 Nf8 17. Rae1 Qd7 18. Qb3 Rac8 19. Nc3 Nxc3 20. Bxc3 Red8
21. Nh4 Qd5 22. Qd1 Rc4 23. g3 Bc5 24. Rd2 Bxa3 25. Qa1 Be7 26. Qxa7 b5 27. Rd3
Ra8 0-1

[Event "Championnat de France des Jeunes - Benja"]
[Site "NIMES"]
[Date "2012.04.19"]
[Round "7.2"]
[White "Msellek, Ilyass"]
[Black "Paternoster, Thibaud"]
[Result "1-0"]
[WhiteElo "2173"]
[BlackElo "1668"]
[PlyCount "61"]

1. e4 e6 2. d4 d5 3. e5 c5 4. c3 Qb6 5. g3 Nc6 6. Ne2 Nh6 7. Bh3 cxd4 8. cxd4
Nf5 9. Bxf5 exf5 10. O-O Be6 11. Nbc3 Be7 12. Rb1 O-O 13. Be3 Rfd8 14. Nf4 Bf8
15. Qb3 Nxd4 16. Qd1 Nf3+ 17. Qxf3 d4 18. Nxe6 Qxe6 19. Bg5 f6 20. exf6 gxf6
21. Nb5 fxg5 22. Nc7 Qe4 23. Qb3+ Kh8 24. Nxa8 Rxa8 25. Rfe1 Qg4 26. Qf7 f4 27.
Rbc1 Rc8 28. Rxc8 Qxc8 29. Re8 Qc1+ 30. Kg2 Qc6+ 31. f3 1-0

[Event "Championnat de France des Jeunes - Benja"]
[Site "NIMES"]
[Date "2012.04.19"]
[Round "7.3"]
[White "Amghar, Ismael"]
[Black "Meunier, Clement"]
[Result "0-1"]
[WhiteElo "1692"]
[BlackElo "1975"]
[PlyCount "48"]

1. e4 e6 2. d3 d5 3. Nd2 Bd6 4. g3 h5 5. Bg2 h4 6. Qg4 Kf8 7. exd5 exd5 8. Qd4
Qe8+ 9. Ne2 c6 10. Nf3 h3 11. Bf1 Nf6 12. Bf4 Bxf4 13. Qxf4 Rh5 14. O-O-O Ng4
15. Ng5 Ne5 16. f3 f6 17. Qb4+ Qe7 18. Qxe7+ Kxe7 19. f4 Ng4 20. Nxh3 Ne3 21.
g4 Bxg4 22. Nf2 Bf3 23. Ng3 Nxd1 24. Nxh5 Nxf2 0-1

[Event "Championnat de France des Jeunes - Benja"]
[Site "NIMES"]
[Date "2012.04.19"]
[Round "7.4"]
[White "Maulana, Kahfi"]
[Black "Veys, Vincent"]
[Result "0-1"]
[WhiteElo "1987"]
[BlackElo "1961"]
[PlyCount "50"]

1. e4 e5 2. Nf3 Nc6 3. Bc4 Nf6 4. Ng5 d5 5. exd5 Na5 6. Bb5+ c6 7. dxc6 bxc6 8.
Bd3 Nd5 9. h4 Nf4 10. Bf1 h6 11. Ne4 f5 12. g3 fxe4 13. gxf4 Bf5 14. fxe5 Bc5
15. c3 O-O 16. Qe2 Qd7 17. Rg1 h5 18. Rg2 Bg4 19. Qa6 Bxf2+ 20. Rxf2 Rxf2 21.
Kxf2 Rf8+ 22. Ke1 Qf5 23. Be2 Qf2+ 24. Kd1 Qf1+ 25. Kc2 Bxe2 0-1

[Event "Championnat de France des Jeunes - Benja"]
[Site "NIMES"]
[Date "2012.04.19"]
[Round "7.5"]
[White "Poulet, Sebastien"]
[Black "Gautier, Selvan"]
[Result "0-1"]
[WhiteElo "1794"]
[BlackElo "1899"]
[PlyCount "94"]

1. e4 c5 2. Nf3 a6 3. c4 d6 4. d4 Bg4 5. dxc5 Bxf3 6. gxf3 Qa5+ 7. Nc3 Qxc5 8.
Be3 Qc6 9. Rc1 Nd7 10. Be2 Ngf6 11. Qd2 Rc8 12. b3 Ne5 13. Nd5 Nxd5 14. cxd5
Qxc1+ 15. Qxc1 Rxc1+ 16. Bxc1 g6 17. f4 Bh6 18. O-O Nd7 19. Be3 Nc5 20. Rc1 O-O
21. Bxc5 dxc5 22. Rxc5 Bxf4 23. Kg2 Kg7 24. h3 Kf6 25. f3 Bb8 26. a4 Ke5 27.
Rc4 Kf4 28. Bd3 Bd6 29. Kf2 Rd8 30. Rc2 Rb8 31. Be2 Be5 32. Rc4 b5 33. axb5
Rxb5 34. Bd1 Ra5 35. Ra4 Rc5 36. Rc4 Rxc4 37. bxc4 Bd4+ 38. Kg2 Ke3 39. Kg3
Be5+ 40. Kg2 Kd4 41. Kf2 Kd3 42. Kf1 a5 43. c5 Kc4 44. c6 Kb4 45. Ke2 a4 46.
Bxa4 Kxa4 47. Ke3 g5 0-1

[Event "Championnat de France des Jeunes - Benja"]
[Site "NIMES"]
[Date "2012.04.20"]
[Round "8.1"]
[White "Veys, Vincent"]
[Black "Bellahcene, Bilel"]
[Result "0-1"]
[WhiteElo "1961"]
[BlackElo "2321"]
[Annotator "Rivier,Sylvain"]
[PlyCount "107"]

1. e4 c5 2. Nf3 Nc6 3. Bb5 Nf6 4. d3 Qa5+ 5. Nc3 Nd4 6. Bc4 b5 7. Bb3 Nxb3 8.
cxb3 d6 9. Bg5 Nd7 10. O-O e5 11. Qe2 Bb7 12. Ne1 Qb6 13. Nc2 Bc6 14. Ne3 Qb7
15. Qf3 Nb6 16. Rfe1 Qd7 17. Rad1 Be7 18. Qh5 g6 19. Qh4 h6 20. Bxe7 Qxe7 21.
Qg4 h5 22. Qh3 Qg5 23. Qf3 f5 24. Qe2 b4 25. Nb1 f4 26. Nc4 Qf6 27. Rc1 Nxc4
28. Rxc4 Bb5 29. Rcc1 g5 30. f3 Ke7 31. a3 a5 32. a4 Ba6 33. Nd2 Rag8 34. Nc4
Bxc4 35. dxc4 g4 36. Rf1 Rh6 37. Rc2 Rhg6 38. Qd3 Qg7 39. Qe2 Qh6 40. Qd3 h4
41. fxg4 Rxg4 42. Rf3 Qg6 43. Qe2 Kf8 44. Rh3 Rxg2+ 45. Qxg2 Qxe4 46. Qxg8+
Kxg8 47. Rf2 Kf7 48. Rxh4 Qg6+ 49. Kf1 Qd3+ 50. Kg2 Qxb3 51. Rh7+ Kg6 52. Rd7
Qd3 53. h3 Kf5 54. Rg7 {suite illisible} 0-1

[Event "Championnat de France des Jeunes - Benja"]
[Site "NIMES"]
[Date "2012.04.20"]
[Round "8.2"]
[White "Meunier, Clement"]
[Black "Msellek, Ilyass"]
[Result "0-1"]
[WhiteElo "1975"]
[BlackElo "2173"]
[PlyCount "58"]

1. d4 d6 2. c4 g6 3. g3 Bg7 4. Bg2 Nf6 5. Nc3 O-O 6. Nf3 c6 7. O-O Qa5 8. Qc2
Qa6 9. b3 b5 10. cxb5 cxb5 11. b4 Bb7 12. Bb2 Nd5 13. Rfd1 Nd7 14. a4 Nxc3 15.
Bxc3 Nb6 16. axb5 Qxb5 17. Ra5 Qd7 18. Rda1 a6 19. Qb3 Rfc8 20. Ng5 Bxg2 21.
Qxf7+ Kh8 22. Qb3 Bf6 23. Rc1 Nc4 24. Kxg2 Nxa5 25. Qf7 Bxg5 26. d5+ Rxc3 27.
Rxc3 Bf6 28. Rf3 Nc4 29. Rxf6 Ne5 0-1

[Event "Championnat de France des Jeunes - Benja"]
[Site "NIMES"]
[Date "2012.04.20"]
[Round "8.3"]
[White "Haussernot, Cecile"]
[Black "Gautier, Selvan"]
[Result "1-0"]
[WhiteElo "2101"]
[BlackElo "1899"]
[PlyCount "49"]

1. e4 e5 2. Nf3 Nc6 3. Bb5 a6 4. Ba4 Nf6 5. O-O Be7 6. c3 b5 7. Bb3 O-O 8. Re1
d5 9. exd5 Nxd5 10. Nxe5 Nxe5 11. Rxe5 c6 12. h3 Bd6 13. Re1 Qh4 14. Qf3 Bxh3
15. Qxh3 Rae8 16. Rf1 Qf6 17. d4 Re4 18. g3 Rfe8 19. Bc2 Re2 20. Qxh7+ Kf8 21.
Qh8+ Ke7 22. Qh5 Kd7 23. Qg4+ Kc7 24. Bg5 Qe6 25. Bf5 1-0

[Event "Championnat de France des Jeunes - Benja"]
[Site "NIMES"]
[Date "2012.04.20"]
[Round "8.4"]
[White "Paternoster, Thibaud"]
[Black "Rodriguez, Adrien"]
[Result "1/2-1/2"]
[WhiteElo "1668"]
[BlackElo "1951"]
[PlyCount "46"]

1. e4 c5 2. Nf3 d6 3. d4 cxd4 4. Qxd4 Nc6 5. Bb5 e5 6. Qd3 Nf6 7. Bg5 Be7 8.
Nc3 a6 9. Bxc6+ bxc6 10. O-O O-O 11. Rad1 Be6 12. Bxf6 gxf6 13. Nd2 Qb6 14. b3
Rad8 15. Nc4 Qa7 16. Qf3 Kh8 17. Nxd6 Rxd6 18. Rxd6 Bxd6 19. Qxf6+ Kg8 20. Qg5+
Kh8 21. Qf6+ Kg8 22. Qg5+ Kh8 23. Qf6+ Kg8 1/2-1/2

[Event "Championnat de France des Jeunes - Benja"]
[Site "NIMES"]
[Date "2012.04.20"]
[Round "8.5"]
[White "Ek, Alexandre"]
[Black "Stark, Gabriel"]
[Result "0-1"]
[WhiteElo "1904"]
[BlackElo "1800"]
[PlyCount "84"]

1. e4 e6 2. d4 d5 3. e5 c5 4. c3 Nc6 5. Nf3 Qb6 6. a3 Be7 7. b4 cxd4 8. cxd4 f6
9. Bd3 Bd7 10. O-O f5 11. Be3 Nh6 12. Nc3 O-O 13. Bxh6 gxh6 14. Ne2 Kh8 15. Qd2
Rg8 16. b5 Na5 17. Qxh6 Rg6 18. Qh3 Rag8 19. g3 Qd8 20. Nf4 Rg4 21. Kh1 Qb6 22.
Be2 Bxb5 23. Bxb5 Qxb5 24. Nxe6 Qd3 25. Ne1 Qa6 26. f3 R4g6 27. Nf4 Rh6 28. Qg2
Bh4 29. Nh3 Nb3 30. Rd1 Bxg3 31. Nd3 f4 32. Nc5 Nxc5 33. dxc5 Qe6 34. Qb2 Rxh3
35. Rd2 d4 36. Qxd4 Bxh2 37. Rg2 Bg3+ 38. Kg1 Rh1+ 39. Kxh1 Qh3+ 40. Kg1 Bh2+
41. Kf2 Qxg2+ 42. Ke1 Bg3+ 0-1

[Event "Championnat de France des Jeunes - Benja"]
[Site "NIMES"]
[Date "2012.04.21"]
[Round "9.1"]
[White "Bellahcene, Bilel"]
[Black "Haussernot, Cecile"]
[Result "1-0"]
[WhiteElo "2321"]
[BlackElo "2101"]
[PlyCount "103"]

1. e4 c5 2. Nf3 d6 3. d4 cxd4 4. Nxd4 Nf6 5. Nc3 a6 6. Qf3 e6 7. g4 Be7 8. g5
Nfd7 9. h4 Nc6 10. Be3 O-O 11. O-O-O Qc7 12. h5 Nxd4 13. Rxd4 b5 14. Qg3 Bb7
15. Bg2 Rac8 16. Kb1 Ne5 17. Rc1 Nc4 18. Rd3 Qa5 19. Nd1 Ne5 20. Ra3 Qc7 21. f4
Nc4 22. Rd3 Rfd8 23. Bd4 e5 24. Be3 d5 25. exd5 Nxe3 26. Qxe3 exf4 27. Qd2 Bxg5
28. d6 Qb6 29. Bxb7 Qxb7 30. Nf2 Qg2 31. d7 Rb8 32. Nh3 Qxd2 33. Rxd2 Bh6 34.
Rcd1 Kf8 35. Nf2 f5 36. Rd5 g6 37. Nd3 Rb6 38. a4 b4 39. a5 Rf6 40. Nc5 Bg5 41.
hxg6 hxg6 42. Rg1 Bh6 43. Nb7 Ke7 44. Re1+ Re6 45. Rxe6+ Kxe6 46. Nxd8+ Kxd5
47. Nf7 Ke6 48. d8=Q Kxf7 49. Qd7+ Kf6 50. Qd6+ Kg5 51. Qxa6 Kg4 52. Qf1 1-0

[Event "Championnat de France des Jeunes - Benja"]
[Site "NIMES"]
[Date "2012.04.21"]
[Round "9.2"]
[White "Msellek, Ilyass"]
[Black "Devoille, Hugo"]
[Result "1-0"]
[WhiteElo "2173"]
[BlackElo "1889"]
[PlyCount "79"]

1. e4 c5 2. Nf3 e6 3. d4 cxd4 4. Nxd4 Nc6 5. Nc3 Qc7 6. f4 a6 7. Nxc6 Qxc6 8.
Bd3 b5 9. Qe2 Bb7 10. Bd2 Qc7 11. a3 Ne7 12. O-O Nc6 13. Kh1 Be7 14. Qg4 O-O
15. e5 d5 16. exd6 Bxd6 17. Qh3 f5 18. Ne2 g6 19. c4 bxc4 20. Bxc4 Qd7 21. Qe3
Rae8 22. Bc3 Rf7 23. Rad1 Qe7 24. b4 h6 25. Nd4 Nd8 26. Nf3 Qc7 27. Qd4 Kh7 28.
Qxd6 Bxf3 29. Qxc7 Bxg2+ 30. Kxg2 Rxc7 31. Rd4 Nc6 32. Bxa6 Nxd4 33. Bxd4 Rc2+
34. Rf2 Rc7 35. b5 Rc4 36. Be5 Ra4 37. Ra2 Re7 38. Rc2 Rd7 39. Bc8 Re7 40. Bd6
1-0

[Event "Championnat de France des Jeunes - Benja"]
[Site "NIMES"]
[Date "2012.04.21"]
[Round "9.3"]
[White "Pigeat, Alexandre"]
[Black "Meunier, Clement"]
[Result "1-0"]
[WhiteElo "1858"]
[BlackElo "1975"]
[PlyCount "145"]

1. e4 e5 2. Nf3 Nc6 3. Bb5 a6 4. Ba4 Nf6 5. O-O Be7 6. Re1 b5 7. Bb3 d6 8. c3
O-O 9. h3 Na5 10. Bc2 c5 11. d4 Qc7 12. Nbd2 Bd7 13. Nf1 Nc4 14. Ne3 Nxe3 15.
Bxe3 Rfc8 16. Rc1 cxd4 17. cxd4 Bc6 18. d5 Bd7 19. Bd3 Qb7 20. Qe2 Bd8 21. Nd2
g6 22. f4 exf4 23. Bxf4 Nh5 24. Be3 Bf6 25. Nf3 Bd8 26. Qf2 Ba5 27. Ng5 f6 28.
Rxc8+ Rxc8 29. Rf1 Bd8 30. Bd4 h6 31. Ne6 Bxe6 32. dxe6 Be7 33. e5 dxe5 34.
Bxg6 Nf4 35. Bf7+ Kh7 36. Be3 Bc5 37. Bxc5 Rxc5 38. Qf3 Qxf3 39. Rxf3 Rc8 40.
h4 Rc1+ 41. Kh2 Rc7 42. Ra3 Ra7 43. g3 Nd5 44. Rd3 Ne7 45. h5 Kg7 46. Bg6 a5
47. g4 Nc6 48. Rd6 Nd4 49. Bf5 b4 50. Kg2 a4 51. Rb6 b3 52. a3 Kf8 53. Rb8+ Ke7
54. Rh8 Kd6 55. Rxh6 Rc7 56. e7 Rxe7 57. Rxf6+ Kd5 58. h6 Nxf5 59. Rxf5 Ke6 60.
Rf8 Rh7 61. g5 Ke7 62. Rf3 Ke6 63. Kg3 e4 64. Rf8 Ke5 65. Kf2 Rd7 66. Ke2 Rc7
67. g6 Rc2+ 68. Kd1 Kd4 69. h7 Ke3 70. h8=Q Rd2+ 71. Kc1 Rc2+ 72. Kb1 Re2 73.
Qc3# 1-0

[Event "Championnat de France des Jeunes - Benja"]
[Site "NIMES"]
[Date "2012.04.21"]
[Round "9.4"]
[White "Stark, Gabriel"]
[Black "Veys, Vincent"]
[Result "1-0"]
[WhiteElo "1800"]
[BlackElo "1961"]
[PlyCount "55"]

1. d4 d5 2. c4 c6 3. Nc3 dxc4 4. a4 e5 5. e3 exd4 6. exd4 Be6 7. Nf3 Bb4 8. Ne5
Qe7 9. Be3 Nf6 10. Bxc4 Bxc4 11. Nxc4 Nd5 12. Qd2 Nd7 13. O-O b5 14. Bg5 Qf8
15. Nxd5 cxd5 16. Rfe1+ Ne5 17. Rxe5+ Kd7 18. Qf4 dxc4 19. Rxb5 Bd6 20. Qf5+
Kc7 21. Rc1 f6 22. Rxc4+ Kd8 23. Bf4 Qe7 24. g3 Bxf4 25. Qd5+ Ke8 26. Qxa8+ Kf7
27. Qd5+ Kf8 28. Rc8+ 1-0

[Event "Championnat de France des Jeunes - Benja"]
[Site "NIMES"]
[Date "2012.04.21"]
[Round "9.5"]
[White "Maulana, Kahfi"]
[Black "Grezels, Florian"]
[Result "1-0"]
[WhiteElo "1987"]
[BlackElo "1859"]
[PlyCount "89"]

1. g3 e5 2. c3 d6 3. d4 Nd7 4. Bg2 g6 5. e4 Bg7 6. Ne2 Ne7 7. Be3 O-O 8. O-O
Kh8 9. f4 f5 10. Nd2 Nf6 11. Kh1 fxe4 12. Nxe4 Nxe4 13. Bxe4 d5 14. Bg2 e4 15.
h3 Nf5 16. Bg1 c6 17. Kh2 b6 18. Qa4 Bd7 19. Qb3 Nd6 20. Qc2 Rc8 21. b3 Qe7 22.
Rad1 Be6 23. g4 Rf7 24. Be3 h5 25. f5 gxf5 26. Nf4 Kg8 27. gxh5 c5 28. Qd2 cxd4
29. Bxd4 Bxd4 30. Qxd4 Nb5 31. Qe5 Nxc3 32. Rc1 d4 33. Nxe6 Rc6 34. Qg3+ Rg7
35. Nxg7 Qxg7 36. Qb8+ Kh7 37. Rxf5 d3 38. Rxc3 Rxc3 39. Bxe4 Rc2+ 40. Rf2+ Kh6
41. Qf4+ Kxh5 42. Bf3+ Kg6 43. Qe4+ Kh6 44. Qh4+ Kg6 45. Be4# 1-0